MARC

LEADER 00000nam0a2200000 4500
001 73707
005 20231031084646.0
035 |a (RuTPU)RU\TPU\book\78640 
090 |a 73707 
100 |a 20050221d1986 km y0rusy50 ca 
101 0 |a rus 
102 |a RU 
105 |a a z 001zy 
200 1 |a Микропроцессорный комплекс БИС высокого быстродействия К1800  |f В. Б. Б. Абрайтис, С. Ю. Седаускас, А. В. В. Пятраускас 
210 |a Москва  |c Радио и связь  |d 1986 
215 |a 184 с.  |c ил. 
225 1 |a Массовая библиотека инженера "Электроника" 
320 |a Библиогр.: с. 184-185. 
610 1 |a вычислительная техника 
610 1 |a вычислительные системы 
610 1 |a большие интегральные схемы 
610 1 |a микропроцессорные комплекты 
610 1 |a микропроцессоры 
610 1 |a быстродействующие преобразователи 
675 |a 681.325.5  |v 3 
700 1 |a Абрайтис  |b В. Б. Б.  |g Вайдотас-Блажеюс Блажеяус 
701 1 |a Седаускас  |b С. Ю.  |g Стяпонас Юозович 
701 1 |a Пятраускас  |b А. В. В.  |g Альгирдас-Викторас Викторович 
801 1 |a RU  |b 63413507  |c 20050221  |g PSBO 
801 2 |a RU  |b 63413507  |c 20210128  |g PSBO 
942 |c BK